名前に「っ」を含む市町村(1995年) - Statistics

General Stats
  • This quiz has been taken 112 times
  • The average score is 17 of 42
Answer Stats
都道府県 市区町村 読み % Correct
北海道 札幌市 さっぽろし
80%
大分県 別府市 べっぷし
69%
北海道 比布町 ぴっぷちょう
66%
北海道 音威子府村 おといねっぷむら
66%
北海道 稚内市 わっかないし
63%
鳥取県 鳥取市 とっとりし
61%
北海道 興部町 おこっぺちょう
58%
北海道 占冠村 しむかっぷむら
55%
北海道 寿都町 すっつちょう
54%
北海道 秩父別町 ちっぷべつちょう
54%
北海道 厚岸町 あっけしちょう
51%
北海道 西興部村 にしおこっぺむら
50%
栃木県 日光市 にっこうし
50%
北海道 和寒町 わっさむちょう
48%
千葉県 富津市 ふっつし
48%
東京都 福生市 ふっさし
48%
大阪府 摂津市 せっつし
48%
北海道 厚沢部町 あっさぶちょう
45%
北海道 訓子府町 くんねっぷちょう
45%
北海道 倶知安町 くっちゃんちょう
44%
滋賀県 栗東町 りっとうちょう
44%
北海道 新冠町 にいかっぷちょう
43%
埼玉県 幸手市 さってし
43%
青森県 田子町 たっこまち
41%
北海道 真狩村 まっかりむら
40%
三重県 四日市市 よっかいちし
39%
青森県 六ヶ所村 ろっかしょむら
38%
愛知県 日進市 にっしんし
30%
石川県 松任市 まっとうし
29%
愛知県 七宝町 しっぽうちょう
26%
愛知県 一色町 いっしきちょう
23%
北海道 丸瀬布町 まるせっぷちょう
21%
北海道 椴法華村 とどほっけむら
20%
静岡県 三ケ日町 みっかびちょう
18%
山梨県 八田村 はったむら
16%
鳥取県 八東町 はっとうちょう
16%
愛媛県 別子山村 べっしやまむら
15%
群馬県 新田町 にったまち
14%
愛媛県 一本松町 いっぽんまつちょう
14%
岡山県 備中町 びっちゅうちょう
13%
岡山県 哲多町 てったちょう
11%
岡山県 哲西町 てっせいちょう
11%
No matching quizzes found
Score Distribution
Percent of People with Each Score
Percentile by Number Answered
Your Score History
You have not taken this quiz